[Event "Brno ÈEZ Talent"]
[Site "?"]
[Date "2014.08.26"]
[Round "4"]
[White "Pokorny, Petr"]
[Black "Vechet, Stanislav"]
[Result "1/2-1/2"]
[WhiteElo "2126"]
[BlackElo "2151"]
[PlyCount "40"]
[EventDate "2014.??.??"]

1. d4 Nf6 2. c4 e6 3. Nc3 d5 4. cxd5 exd5 5. Bg5 Be7 6. e3 c6 7. Bd3 h6 8. Bf4
Bd6 9. Bxd6 Qxd6 10. Nf3 Nbd7 11. O-O O-O 12. Qc2 Re8 13. Rab1 a5 14. a3 g5 15.
Rbd1 Nf8 16. Ne5 Ng4 17. Nxg4 Bxg4 18. Be2 Bxe2 19. Nxe2 Qg6 20. Qxg6+ Nxg6
1/2-1/2

[Event "Brno ÈEZ Talent"]
[Site "?"]
[Date "2014.08.26"]
[Round "4"]
[White "Richterova, Natasa"]
[Black "Lanc, Alois"]
[Result "0-1"]
[WhiteElo "2105"]
[BlackElo "2363"]
[PlyCount "138"]
[EventDate "2014.??.??"]

1. Nf3 c5 2. c4 g6 3. Nc3 Bg7 4. e3 Nf6 5. Be2 O-O 6. O-O d6 7. d4 Na6 8. b3 b6
9. Bb2 Bf5 10. Rc1 Rb8 11. Ba1 Nc7 12. Bd3 Bd7 13. Qe2 Re8 14. Rfd1 a6 15. Qc2
Nh5 16. Be2 Nf6 17. a3 Qc8 18. b4 Bf5 19. e4 Bg4 20. dxc5 bxc5 21. bxc5 dxc5
22. Nd5 Ne6 23. h3 Bxf3 24. Bxf3 Ng5 25. Qd3 Nxf3+ 26. Qxf3 Nh5 27. e5 Bh6 28.
Rb1 Ng7 29. Qe4 Ne6 30. Rxb8 Qxb8 31. Rb1 Qc8 32. f4 Bg7 33. Rf1 Nd8 34. Bc3
Qb7 35. Rb1 Qd7 36. Nb6 Qc6 37. Qxc6 Nxc6 38. Nd5 g5 39. g3 gxf4 40. gxf4 e6
41. Nc7 Rc8 42. Nxa6 Bh6 43. Nxc5 Bxf4 44. Nd3 Be3+ 45. Kf1 Ra8 46. Rb3 Kg7 47.
Ke2 Bd4 48. Kf3 Rd8 49. Ke4 Bxc3 50. Rxc3 Rd4+ 51. Ke3 Rh4 52. Nf4 Nxe5 53. c5
Nc6 54. Rc4 Kh6 55. Rc1 e5 56. Nd5 f5 57. Rh1 Ra4 58. Kf2 Rxa3 59. Ne3 f4 60.
Nc4 Rc3 61. Nd2 Rc2 62. Ke2 e4 63. Kd1 Ra2 64. Re1 e3 65. Nf3 Kg6 66. Rg1+ Kf5
67. Ne1 Nd4 68. Nd3 Rd2+ 69. Kc1 Rxd3 0-1

[Event "Brno ÈEZ Talent"]
[Site "?"]
[Date "2014.08.26"]
[Round "4"]
[White "Meszaros, Ludek"]
[Black "Chudinovskikh, Alexander M"]
[Result "1-0"]
[WhiteElo "2101"]
[BlackElo "2273"]
[PlyCount "73"]
[EventDate "2014.??.??"]

1. Nf3 Nf6 2. g3 d5 3. Bg2 e6 4. O-O Be7 5. d3 c5 6. Nbd2 Nc6 7. e4 O-O 8. Re1
b5 9. e5 Nd7 10. Qe2 a5 11. Nf1 a4 12. a3 b4 13. h4 Ba6 14. Bg5 c4 15. Qd2 cxd3
16. cxd3 Nc5 17. d4 Nb3 18. Qf4 Nxa1 19. Rxa1 Bxf1 20. Bxf1 Na5 21. axb4 Nc4
22. Ra2 Kh8 23. Bd3 f5 24. exf6 gxf6 25. Bh6 Rg8 26. b5 Bd6 27. Qc1 Qc7 28. Qe1
e5 29. Bxc4 Qxc4 30. dxe5 Rae8 31. Qa1 Bxe5 32. Rxa4 Qxb5 33. Nxe5 Rxe5 34. Ra7
Qe2 35. Qa3 Qd1+ 36. Kg2 {Diagram #} Re1 $2 37. Bg7+ 1-0

[Event "Brno ÈEZ Talent"]
[Site "?"]
[Date "2014.08.26"]
[Round "4"]
[White "Kratochvil, Josef"]
[Black "Majer, Jiri"]
[Result "1/2-1/2"]
[WhiteElo "2269"]
[BlackElo "2067"]
[PlyCount "70"]
[EventDate "2014.??.??"]

1. d4 d5 2. c4 c6 3. Nf3 Nf6 4. Nc3 Bf5 5. g3 e6 6. Bg2 h6 7. O-O Be7 8. b3 O-O
9. Bb2 Nbd7 10. Rc1 Ne4 11. Nd2 Ndf6 12. f3 Nxc3 13. Bxc3 c5 14. e3 Rc8 {(R)}
15. Qe2 Bg6 16. Kh1 Re8 17. Rfd1 cxd4 18. exd4 Ba3 19. Ra1 a5 20. Nf1 Qc7 21.
Ne3 dxc4 22. Nxc4 Bb4 23. Bxb4 axb4 24. Ne5 Bh7 25. Rd2 Nd5 26. Re1 Qc3 27. Nc4
Red8 28. Bh3 b5 29. Ne5 Re8 30. Nd7 Rcd8 31. Nc5 Nc7 32. Qf2 e5 33. Re3 Qa1+
34. Re1 Qc3 35. Re3 Qa1+ 1/2-1/2

[Event "Brno ÈEZ Talent"]
[Site "?"]
[Date "2014.08.26"]
[Round "4"]
[White "Hajek, Oskar"]
[Black "Holemar, David"]
[Result "0-1"]
[WhiteElo "2061"]
[BlackElo "2246"]
[PlyCount "108"]
[EventDate "2014.??.??"]

1. e4 c5 2. Nf3 e6 3. d3 d5 4. Nbd2 Bd6 5. g3 Nc6 6. Bg2 Nge7 7. O-O b6 8. Re1
O-O 9. c3 dxe4 10. Nxe4 Bb7 11. Nfg5 h6 12. Qh5 Nd5 13. c4 Nf6 14. Nxf6+ Qxf6
15. Ne4 Qe7 {Diagram #} 16. Bxh6 gxh6 17. Qxh6 Be5 18. Ng5 f6 19. Nxe6 Qh7 20.
Qxh7+ Kxh7 21. Nxf8+ Rxf8 22. f4 Bxb2 23. Rab1 Bd4+ 24. Kh1 Rf7 25. Re6 Nb4 26.
Bxb7 Rxb7 27. Rbe1 Rf7 28. Re8 Nxa2 29. f5 Nc3 30. R1e6 Nd1 31. Ra8 Ne3 32.
Ree8 Nxf5 33. Kg2 Ng7 34. Rh8+ Kg6 35. g4 f5 36. gxf5+ Nxf5 37. Rhg8+ Bg7 38.
h3 Nh4+ 39. Kg3 Kh5 40. Rae8 Nf5+ 41. Kg2 Ne7 42. Rxg7 Rxg7+ 43. Kf3 Nc6 44.
Rh8+ Kg6 45. Ke4 Rd7 46. Rg8+ Kf6 47. Rf8+ Kg7 48. Ra8 Nb4 49. Ke5 Kf7 50. h4
Nxd3+ 51. Kf5 Kg7 52. Kg5 Ne5 53. h5 Nxc4 54. h6+ Kh7 0-1

[Event "Brno ÈEZ Talent"]
[Site "?"]
[Date "2014.08.26"]
[Round "4"]
[White "Zpevakova, Jana"]
[Black "Kozusek, Daniel"]
[Result "1-0"]
[WhiteElo "2042"]
[BlackElo "2191"]
[PlyCount "51"]
[EventDate "2014.??.??"]

1. d4 Nf6 2. c4 e6 3. Nf3 c5 4. e3 cxd4 5. exd4 b6 6. Nc3 Bb7 7. a3 Be7 8. Be2
d5 9. O-O O-O 10. b3 Nbd7 11. cxd5 Nxd5 12. Nxd5 Bxd5 13. Ne5 Nxe5 14. dxe5 Qc7
15. Bb2 Qb7 16. f3 Rfd8 17. Bd3 Qd7 18. Qb1 Bc5+ 19. Kh1 Bxb3 20. Bxh7+ Kh8 21.
Be4 Rac8 22. Qe1 {Diagram #} Qe7 23. Qg3 g6 24. Bc1 Kg8 25. Bg5 Qf8 26. Qh4 1-0

[Event "Brno ÈEZ Talent"]
[Site "?"]
[Date "2014.08.26"]
[Round "4"]
[White "Skacelik, Petr"]
[Black "Hosek, Martin"]
[Result "0-1"]
[WhiteElo "2173"]
[BlackElo "2039"]
[PlyCount "78"]
[EventDate "2014.??.??"]

1. d4 Nf6 2. c4 g6 3. Nc3 d5 4. Bg5 Ne4 5. Bh4 c5 6. e3 Qa5 7. Qb3 cxd4 8. exd4
Bh6 9. Qb5+ Qxb5 10. Nxb5 Na6 11. Nf3 Be6 12. Bd3 Nb4 13. Bb1 Rc8 14. c5 {
Diagram #} Bc1 15. a3 Bxb2 16. axb4 Bxa1 17. O-O a6 18. Bxe4 dxe4 19. Rxa1 axb5
20. Nd2 Bd5 21. Re1 Kd7 22. Nxe4 Bxe4 23. Rxe4 e6 24. d5 Rhe8 25. Rd4 e5 26.
Rd1 Ra8 27. Bf6 Ra4 28. Rb1 Ra2 29. Rc1 Rb2 30. f4 Rxb4 31. Bxe5 Rc4 32. Ra1
Rxc5 33. Ra7 Rxd5 34. Rxb7+ Ke6 35. g4 Rc8 36. Kg2 Rd3 37. Bc7 Ra8 38. Kf2 Ra2+
39. Ke1 Rb3 0-1

[Event "Brno ÈEZ Talent"]
[Site "?"]
[Date "2014.08.26"]
[Round "4"]
[White "Miculka, David"]
[Black "Dvorak, Adam"]
[Result "1-0"]
[WhiteElo "2018"]
[BlackElo "2130"]
[PlyCount "77"]
[EventDate "2014.??.??"]

1. e4 c5 2. Nf3 a6 3. d3 d6 4. g3 g6 5. Bg2 Bg7 6. O-O Nc6 7. c3 e5 8. Re1 Nge7
9. a3 O-O 10. b4 h6 11. Be3 cxb4 12. axb4 f5 13. Qb3+ Kh7 14. b5 Nb8 15. Nbd2
Rf6 16. Nc4 Nd7 17. Nfd2 Nc5 18. Bxc5 dxc5 19. exf5 gxf5 20. Nxe5 Rb6 {(R)} 21.
Qc2 Rxb5 22. Nf7 Qf8 23. Nd6 Rb6 24. N2c4 Rxd6 25. Nxd6 Nc6 26. Nxc8 Rxc8 27.
Bh3 Kh8 28. Ra4 Qf6 29. Rh4 b5 {(R)} 30. Rh5 Qxc3 31. Rxh6+ Kg8 32. Qxc3 Bxc3
33. Bxf5 Rf8 34. Rg6+ Kh8 35. Re4 Bf6 36. Rh6+ Kg8 37. Rg4+ Kf7 38. Rh7+ Ke8
39. Bd7+ 1-0

[Event "Brno ÈEZ Talent"]
[Site "?"]
[Date "2014.08.26"]
[Round "4"]
[White "Ketola, Ville"]
[Black "Milcova, Zuzana"]
[Result "1/2-1/2"]
[WhiteElo "2121"]
[BlackElo "2027"]
[PlyCount "87"]
[EventDate "2014.??.??"]

1. e4 d5 2. exd5 Nf6 3. Nc3 Nxd5 4. Bc4 Nxc3 5. Qf3 e6 6. Qxc3 Qf6 7. Qxf6 gxf6
8. Ne2 a6 9. d4 b5 10. Bd3 Bb7 11. f3 Nc6 12. a3 O-O-O 13. Be3 f5 14. c4 Ne5
15. dxe5 Rxd3 16. Kf2 Bg7 17. cxb5 Bxe5 18. bxa6 Bxa6 19. Rab1 Rhd8 20. b4 Rxa3
21. b5 Bb7 22. f4 Bf6 23. Rhc1 Rdd3 24. Bb6 Bc3 25. Rc2 Rd2 26. Rbc1 Rxc2 27.
Rxc2 cxb6 28. Rxc3+ Rxc3 29. Nxc3 Kc7 30. g3 f6 31. Ke3 Bg2 32. Kd4 Bf1 33. g4
fxg4 34. Ne4 e5+ 35. fxe5 fxe5+ 36. Kxe5 Bxb5 37. Nf6 Kc6 38. Nxh7 Kc5 39. Nf6
Be2 40. Nd7+ Kb5 41. Nxb6 Kxb6 42. Kf4 Bd1 43. Kg3 Kc5 44. h3 1/2-1/2

[Event "Brno ÈEZ Talent"]
[Site "?"]
[Date "2014.08.26"]
[Round "4"]
[White "Kociscak, Jiri"]
[Black "Stehlik, Jiri"]
[Result "1-0"]
[WhiteElo "2458"]
[BlackElo "1945"]
[PlyCount "103"]
[EventDate "2014.??.??"]

1. d4 Nf6 2. c4 b6 3. Nc3 Bb7 4. Nf3 g6 5. g3 Bg7 6. Bg2 Ne4 7. Nxe4 Bxe4 8.
O-O O-O 9. Bf4 d6 10. Qd2 Nd7 11. Bh6 e6 12. Rfd1 a5 13. d5 exd5 14. Bxg7 Kxg7
15. cxd5 Nc5 16. Nd4 Bxg2 17. Kxg2 Re8 18. f3 f5 19. b3 Qf6 20. Rac1 Re7 21.
Nc6 Rf7 22. Kf2 Re8 23. Qc3 g5 24. a3 Qxc3 25. Rxc3 a4 26. b4 Nb3 27. e3 Kg6
28. Rdd3 h5 29. Na7 Rh8 30. Nb5 Rhh7 31. Rc4 Kf6 32. h4 g4 33. f4 Rd7 34. Rc6
Rhe7 35. Nc3 Rd8 36. Nxa4 Ra8 37. Nb2 Rxa3 38. Rcc3 Re4 39. Rxb3 Ra2 40. Rd4
Rxd4 41. exd4 b5 42. Ke2 Ke7 43. Kd2 Ra1 44. Nd1 Ra2+ 45. Rb2 Ra1 46. Rc2 Ra7
47. Nc3 Ra3 48. Rb2 Ra1 49. Rb1 Ra3 50. Kc2 Kd7 51. Kb2 Ra8 52. Re1 1-0

[Event "Brno ÈEZ Talent"]
[Site "?"]
[Date "2014.08.26"]
[Round "4"]
[White "Miculka, Petr"]
[Black "Zeman, Radek"]
[Result "1-0"]
[WhiteElo "2029"]
[BlackElo "1845"]
[PlyCount "107"]
[EventDate "2014.??.??"]

1. e4 c5 2. Nf3 Nc6 3. c3 d6 4. h3 Nf6 5. Bd3 g6 6. O-O Bg7 7. Re1 O-O 8. Bc2
e6 9. d4 cxd4 10. cxd4 Nd7 11. Nc3 a6 12. Be3 h6 13. Qd2 Kh7 14. Rad1 b5 15. h4
Bb7 16. h5 Nb6 17. b3 Rc8 18. Ne2 Re8 19. g4 g5 20. e5+ Kg8 21. Qd3 Nb4 22.
Qh7+ Kf8 23. Be4 Bxe4 24. Qxe4 N6d5 25. Bxg5 hxg5 26. Qh7 Nf6 27. exf6 Qxf6 28.
Kg2 Nd5 29. Qe4 Nc3 30. Nxc3 Rxc3 31. d5 Rcc8 32. dxe6 Rxe6 33. Qb7 Rce8 34.
Rxe6 Qxe6 35. Kg3 Be5+ 36. Kh3 Bf4 37. Re1 Qc8 38. Rxe8+ Qxe8 39. Nd4 Qe1 40.
Kg2 Qd1 41. Qc8+ Kg7 42. Nf5+ Kh7 43. Ne7 Kg7 44. h6+ Kf6 45. h7 Kxe7 46. Qb7+
Ke6 47. Qe4+ Kd7 48. h8=Q Qxg4+ 49. Kf1 Qd1+ 50. Qe1 Qd3+ 51. Qe2 Qb1+ 52. Kg2
Be5 53. Qh3+ f5 54. Qhd3 1-0

[Event "Brno ÈEZ Talent"]
[Site "?"]
[Date "2014.08.26"]
[Round "4"]
[White "Kaplan, Milan"]
[Black "Kucera, Petr"]
[Result "0-1"]
[WhiteElo "1800"]
[BlackElo "1981"]
[PlyCount "100"]
[EventDate "2014.??.??"]

1. e4 Nf6 2. e5 Nd5 3. d4 d6 4. Nf3 Bg4 5. Be2 e6 6. c4 Nb6 7. O-O Be7 8. Nc3
O-O 9. Ne1 Bxe2 10. Qxe2 Nc6 11. Be3 dxe5 12. dxe5 Nd4 13. Qg4 Nf5 14. Rd1 Nxe3
15. fxe3 Qe8 16. Ne4 Kh8 17. Rd4 c5 18. Nd6 Bxd6 19. Rxd6 Nc8 20. Rd2 Ne7 21.
Rf3 Ng6 22. Rh3 Qe7 23. Rf2 Rad8 24. Rh5 Kg8 25. Qh3 Rd1 26. Re2 h6 27. Qf3
Rfd8 28. Kf2 R8d2 29. b3 Qd7 30. Kg3 Rxe2 31. Qxe2 Rd2 32. Qf1 Rxa2 33. Nd3 Qc6
34. Qf3 Qxf3+ 35. gxf3 b6 36. f4 Rd2 37. Nf2 Ne7 38. e4 Rb2 39. f5 exf5 40.
exf5 g6 41. f6 Nf5+ 42. Rxf5 gxf5 43. Nd1 Rxb3+ 44. Kf4 Rd3 45. Ne3 Rxe3 46.
Kxe3 a5 47. Kf4 a4 48. Kxf5 a3 49. e6 fxe6+ 50. Kxe6 Kf8 0-1

[Event "Brno ÈEZ Talent"]
[Site "?"]
[Date "2014.08.26"]
[Round "4"]
[White "Dumkova, Daniela"]
[Black "Spodny, Josef"]
[Result "1/2-1/2"]
[WhiteElo "1745"]
[BlackElo "2007"]
[PlyCount "22"]
[EventDate "2014.??.??"]

1. e4 e6 2. d4 d5 3. exd5 exd5 4. Bd3 Nc6 5. c3 Bd6 6. Ne2 Qh4 7. g3 Qh5 8. Nf4
Qxd1+ 9. Kxd1 Bg4+ 10. Kc2 O-O-O 11. Re1 Nge7 1/2-1/2

[Event "Brno ÈEZ Talent"]
[Site "?"]
[Date "2014.08.26"]
[Round "4"]
[White "Glozar, Petr"]
[Black "Veznik, Michael"]
[Result "1-0"]
[WhiteElo "1566"]
[BlackElo "1934"]
[PlyCount "83"]
[EventDate "2014.??.??"]

1. e4 c6 2. d4 g6 3. Nf3 Bg7 4. c3 d6 5. Bc4 Nf6 6. Nbd2 O-O 7. O-O Nbd7 8. e5
Nd5 9. exd6 exd6 10. Ne4 N7b6 11. Bb3 h6 12. h3 Bf5 13. Ng3 Be6 14. Re1 Qd7 15.
Bd2 Rfe8 16. Qc1 Kh7 17. Re4 f6 18. h4 Bg4 19. Rxe8 Rxe8 20. Nh2 Be6 21. h5 g5
22. Bc2+ Kh8 23. Bg6 Rf8 24. Qc2 Ne7 25. Re1 Nxg6 26. hxg6 Nc4 27. Bc1 d5 28.
b3 Nd6 29. f3 Re8 30. Ba3 {Diagram #} Nf5 31. Nxf5 Bf8 32. Rxe6 Qxe6 33. Bxf8
Qe1+ 34. Nf1 Kg8 35. g7 Rxf8 36. gxf8=Q+ Kxf8 37. Nxh6 Kg7 38. Nf5+ Kf8 39.
N5e3 Kg7 40. Qf5 Qxc3 41. Qd7+ Kg6 42. Qe8+ 1-0

[Event "Brno ÈEZ Talent"]
[Site "?"]
[Date "2014.08.26"]
[Round "4"]
[White "Hyll, Jan"]
[Black "Blazek, Pavel"]
[Result "0-1"]
[WhiteElo "1932"]
[BlackElo "1770"]
[PlyCount "121"]
[EventDate "2014.??.??"]

1. e4 e5 2. Nf3 Nc6 3. Nc3 Nf6 4. d4 exd4 5. Nd5 Be7 6. Bf4 d6 7. Nxd4 Nxd5 8.
exd5 Nxd4 9. Qxd4 Bf6 10. Qe3+ Qe7 11. Bb5+ Bd7 12. Bxd7+ Kxd7 13. Qxe7+ Kxe7
14. c3 Rhe8 15. Kd2 Kd7 16. Rae1 a6 17. Kd3 Rxe1 18. Rxe1 Re8 19. Be3 Bg5 20.
Re2 Bxe3 21. fxe3 Re5 22. Kd4 c5+ 23. dxc6+ bxc6 24. e4 f5 25. Kd3 fxe4+ 26.
Rxe4 Rxe4 27. Kxe4 Ke6 28. b4 d5+ 29. Kd4 Kd6 30. c4 dxc4 31. Kxc4 g5 32. a4 h6
33. Kd4 h5 34. a5 g4 35. g3 Kd7 36. Ke5 Ke7 37. Kf5 Kd6 38. Kg5 Kd5 39. Kxh5
Kc4 40. Kxg4 Kxb4 41. h4 c5 42. Kf3 c4 43. Ke2 Kb3 44. h5 c3 45. h6 c2 46. h7
c1=Q 47. h8=Q Qc2+ 48. Kf3 Qf5+ 49. Ke3 Qxa5 50. Qg8+ Kb4 51. Qg4+ Ka3 52. Qd4
Qe1+ 53. Kf3 Qf1+ 54. Kg4 a5 55. Qc3+ Ka4 56. Kg5 Qb5+ {Diagram #} 57. Kh4 $4
Qb4+ 58. Qxb4+ axb4 59. g4 b3 60. g5 b2 61. g6 0-1

[Event "Brno ÈEZ Talent"]
[Site "?"]
[Date "2014.08.26"]
[Round "4"]
[White "Hrdlicka, Vladan"]
[Black "Svanda, Ondrej"]
[Result "1/2-1/2"]
[WhiteElo "1823"]
[BlackElo "1725"]
[PlyCount "90"]
[EventDate "2014.??.??"]

1. d4 Nf6 2. Nf3 e6 3. c4 Bb4+ 4. Nbd2 b6 5. a3 Bxd2+ 6. Qxd2 Ne4 7. Qc2 Bb7 8.
e3 O-O 9. Bd3 f5 10. b4 d6 11. Bb2 Nd7 12. O-O Ndf6 13. Rad1 Qe7 14. Nd2 c5 15.
f3 Nxd2 16. Rxd2 Rac8 17. b5 d5 18. Qb3 Rc7 19. dxc5 bxc5 20. Be5 Rd7 21. Rfd1
Rfd8 22. Qc2 dxc4 23. Bxc4 Rxd2 24. Rxd2 Rxd2 25. Qxd2 Nd5 26. Kf2 Kf7 27. a4
Nb6 28. Ba2 Bd5 29. a5 Nc4 30. Bxc4 Bxc4 31. b6 axb6 32. axb6 Bd5 33. Qa5 c4
34. Ke2 Qd7 35. Qc5 Bc6 36. Bd4 Qd5 37. b7 Qxc5 38. b8=Q Qe7 39. Qe5 Kg8 40.
Qb8+ {(R)} Qe8 41. Qc7 Qd7 42. Qe5 Qe7 43. Bc5 Qd7 44. Bd4 Qe7 45. h4 h6
1/2-1/2

[Event "Brno ÈEZ Talent"]
[Site "?"]
[Date "2014.08.26"]
[Round "4"]
[White "Martirosyan, Ara"]
[Black "Greussing, Stefan"]
[Result "0-1"]
[WhiteElo "1729"]
[BlackElo "1803"]
[PlyCount "88"]
[EventDate "2014.??.??"]

1. e4 e6 2. d4 d5 3. Nc3 Nf6 4. e5 Nfd7 5. f4 c5 6. Nf3 Nc6 7. Be3 a6 8. Be2 b5
9. a3 Qb6 10. dxc5 Bxc5 11. Bxc5 Nxc5 12. Nd4 Na4 13. Nxa4 Qxd4 14. Qxd4 Nxd4
15. Nb6 Rb8 16. Nxc8 Rxc8 17. Rc1 Rxc2 18. Rxc2 Nxc2+ 19. Kd2 Nd4 20. Kd3 Nxe2
21. Kxe2 Kd7 22. Rc1 b4 23. a4 f6 24. exf6 gxf6 25. Ke3 e5 26. Rd1 Kd6 27. Rc1
Rb8 28. b3 Rb6 29. Rc2 Rc6 30. Rxc6+ Kxc6 31. g4 Kd6 32. h3 h6 33. Kf3 Kc5 34.
Ke3 exf4+ 35. Kxf4 Kd4 36. Kf5 Kc3 37. Kxf6 d4 38. Kg6 d3 39. Kxh6 d2 40. g5
d1=Q 41. h4 Qxb3 42. g6 Qe6 43. h5 b3 44. Kh7 Qf5 0-1

[Event "Brno ÈEZ Talent"]
[Site "?"]
[Date "2014.08.26"]
[Round "4"]
[White "Sarson, Ondrej"]
[Black "Tovarek, Antonin"]
[Result "1/2-1/2"]
[WhiteElo "1778"]
[BlackElo "2029"]
[PlyCount "124"]
[EventDate "2014.??.??"]

1. e4 c5 2. c3 Nf6 3. e5 Nd5 4. d4 cxd4 5. cxd4 d6 6. exd6 Qxd6 7. Nf3 Nc6 8.
Nc3 Bg4 9. Be3 e6 10. Be2 Be7 11. O-O O-O 12. a3 Bf6 13. Qb3 Rfd8 14. Rad1 Nf4
15. Bxf4 Qxf4 16. d5 Bxf3 17. Bxf3 Nd4 18. Rxd4 Bxd4 19. Ne2 Qf6 20. Nxd4 Qxd4
21. dxe6 fxe6 22. Qxe6+ Kh8 23. Qb3 Rab8 24. h3 Qe5 25. Rd1 b6 26. Rxd8+ Rxd8
27. Qa4 Qe1+ 28. Kh2 Qxf2 29. Qxa7 Qxb2 30. a4 Qe5+ 31. Kg1 Rb8 32. Qd7 Re8 33.
Bc6 Qc5+ 34. Kh2 Rf8 35. Bf3 Qe5+ 36. Kg1 Qe3+ 37. Kh2 h6 38. Qb7 Re8 39. Qf7
Qe5+ 40. g3 Qb2+ 41. Bg2 Rd8 42. Qe6 Qf2 43. Qc6 Qd4 44. Qb7 Rf8 45. Qc6 Qf2
46. Qd5 Re8 47. Qd7 Re3 48. Qd8+ Kh7 49. Qd6 Qf6 50. Qc7 Re2 51. Qb7 Qd4 52.
Qf3 Rf2 {Diagram #} 53. Qc6 h5 54. h4 Qe5 55. Qc4 Rd2 56. Qc6 Qe2 57. Qb7 Qxg2+
58. Qxg2 Rxg2+ 59. Kxg2 Kg6 60. Kf2 Kf5 61. Kf3 g6 62. g4+ Ke5 1/2-1/2

[Event "Brno ÈEZ Talent"]
[Site "?"]
[Date "2014.08.26"]
[Round "4"]
[White "Turza, Pavel"]
[Black "Barak, David"]
[Result "1-0"]
[WhiteElo "1776"]
[BlackElo "1409"]
[PlyCount "43"]
[EventDate "2014.??.??"]

1. d4 d5 2. Nf3 Nc6 3. Bf4 Nf6 4. e3 Bf5 5. c3 e6 6. Bd3 Bg6 7. Bg5 Be7 8. h4
Ne4 9. Bf4 h6 10. Bb5 f6 11. h5 Bf5 12. Nh4 Bh7 13. Ng6 Bxg6 14. hxg6 Bd6 15.
g4 a6 16. Bd3 Ng5 17. Bxg5 fxg5 18. Rh3 Rf8 19. Qe2 Qf6 20. Nd2 Ne7 21. Rf3 Nf5
22. gxf5 1-0

[Event "Brno ÈEZ Talent"]
[Site "?"]
[Date "2014.08.26"]
[Round "4"]
[White "Licka, Vlastimil"]
[Black "Lisik, Miroslav"]
[Result "1-0"]
[WhiteElo "1959"]
[BlackElo "1678"]
[PlyCount "79"]
[EventDate "2014.??.??"]

1. e4 c5 2. Nc3 g6 3. g3 Bg7 4. Bg2 Nc6 5. Nge2 d6 6. d3 Nf6 7. O-O O-O 8. h3
Rb8 9. Be3 Ne8 10. Qd2 Nd4 11. f4 b5 12. Nd1 f5 13. c3 Nxe2+ 14. Qxe2 e5 15.
exf5 gxf5 16. fxe5 Bxe5 17. Bd5+ Kh8 18. Bf4 Bxf4 19. Rxf4 Nf6 20. Bf3 Rg8 21.
Kf2 Rg6 22. Ne3 Qg8 23. Nxf5 Bxf5 24. Rxf5 Re8 25. Qd2 Re5 26. Qf4 Rxf5 27.
Qxf5 Ne8 28. Re1 Ng7 29. Qd5 Qf8 30. g4 Qd8 31. Qa8 Qxa8 32. Bxa8 Re6 33. Rxe6
Nxe6 34. Ke3 Nc7 35. Bc6 Kg7 36. Kf4 h6 37. h4 d5 38. Ke5 c4 39. dxc4 dxc4 40.
Kd6 1-0

[Event "Brno ÈEZ Talent"]
[Site "?"]
[Date "2014.08.26"]
[Round "4"]
[White "Prokop, Jiri"]
[Black "Kosina, Vladimir"]
[Result "1-0"]
[WhiteElo "1693"]
[BlackElo "1799"]
[PlyCount "133"]
[EventDate "2014.??.??"]

1. f4 Nf6 2. Nf3 d6 3. d4 g6 4. c4 Bg7 5. Nc3 O-O 6. e4 c6 7. Be2 Nbd7 8. O-O
Qb6 9. Kh1 c5 10. d5 a6 11. Qc2 Ne8 12. Rb1 Qc7 13. a4 Rb8 14. Bd3 b6 15. Bd2
Rb7 16. Ne2 a5 17. Bc3 Nb8 18. Ng3 Na6 19. f5 Nb4 20. Qd2 Nxd3 21. Qxd3 Bd7 22.
b3 Bf6 23. Rbe1 Be5 24. fxg6 hxg6 25. Ng5 Ng7 26. Ne2 Rbb8 27. Nf4 Bxf4 28.
Rxf4 f6 29. Nh3 g5 30. Rf2 Qc8 31. Ref1 Bxh3 32. gxh3 Nh5 33. Bd2 Qd7 34. Qf3
Ng7 35. Rg1 e5 36. h4 Rbe8 37. hxg5 fxg5 38. Qe2 Rxf2 39. Qxf2 Rf8 40. Qg3 Qf7
41. Qxg5 Qf3+ 42. Qg2 Rf7 43. Bh6 Qxg2+ 44. Rxg2 Rf1+ 45. Rg1 Rxg1+ 46. Kxg1
Nh5 47. Kf2 Nf6 48. Kf3 Nh7 49. Kg4 Kf7 50. Kf5 Nf6 51. Bg5 Nh5 52. Bd8 Nf4 53.
Bxb6 Ne2 54. Bxa5 Nd4+ 55. Kg4 Nxb3 56. Bc3 Ke7 57. a5 Kd7 58. h4 Kc7 59. h5
Nd4 60. Bxd4 cxd4 61. Kf3 Kb7 62. h6 Ka6 63. h7 Kxa5 64. h8=Q Kb4 65. Qf6 d3
66. Qxd6+ Kxc4 67. Qxe5 1-0

[Event "Brno ÈEZ Talent"]
[Site "?"]
[Date "2014.08.26"]
[Round "4"]
[White "Khachatouri, Saro"]
[Black "Effenberger, Adam"]
[Result "1/2-1/2"]
[WhiteElo "1790"]
[BlackElo "1734"]
[PlyCount "79"]
[EventDate "2014.??.??"]

1. d3 e5 2. Nf3 Nc6 3. e4 Bc5 4. Be2 d6 5. c3 Nf6 6. d4 exd4 7. cxd4 Bb4+ 8.
Bd2 O-O 9. Bxb4 Nxb4 10. Nc3 Re8 11. a3 Nc6 12. Qc2 Bg4 13. d5 Bxf3 14. dxc6
Bxe2 15. cxb7 Rb8 16. Qxe2 Rxb7 17. O-O Qb8 18. b4 c6 19. Rfe1 Rbe7 20. f3 d5
21. Qd3 dxe4 22. Nxe4 Nxe4 23. Rxe4 Rxe4 24. fxe4 Qb6+ 25. Kh1 Rd8 26. Qb3 Qf2
27. Qf3 Rd2 28. Qxf2 Rxf2 29. Kg1 Rd2 30. Rc1 Rd6 31. b5 Kf8 32. bxc6 Rd8 33.
Kf2 Rc8 34. Ke3 Ke7 35. Kd4 Kd6 36. e5+ Kc7 37. Kc5 Re8 38. Kd5 Rd8+ 39. Ke4
Rd2 40. Rf1 {(R)} 1/2-1/2

[Event "Brno ÈEZ Talent"]
[Site "?"]
[Date "2014.08.25"]
[Round "4"]
[White "Zikan, Karel"]
[Black "Svanda, Adam"]
[Result "1/2-1/2"]
[WhiteElo "1772"]
[BlackElo "1486"]
[PlyCount "111"]
[EventDate "2014.??.??"]

1. Nf3 Nf6 2. c4 c5 3. Nc3 g6 4. g3 Bg7 5. Bg2 Nc6 6. O-O O-O 7. d4 cxd4 8.
Nxd4 d5 9. Nxc6 bxc6 10. cxd5 cxd5 11. Nxd5 Nxd5 12. Qxd5 Qxd5 13. Bxd5 Rb8 14.
Rd1 Ba6 15. Bf3 Bxb2 16. Bxb2 Rxb2 17. Rd7 Bxe2 18. Bxe2 Rxe2 19. Kf1 Re6 20.
Rxa7 Rd8 21. Re1 Rxe1+ 22. Kxe1 e6 23. a4 Rd3 24. h4 Ra3 25. g4 Rh3 26. a5 Rxh4
27. f3 Rh1+ 28. Kd2 Ra1 29. Kd3 h5 30. gxh5 gxh5 31. Ke3 h4 32. Kf2 Ra2+ 33.
Kg1 h3 34. a6 h2+ 35. Kh1 Kg7 36. Ra8 Kf6 37. a7 Kf5 38. Rh8 Rxa7 39. Kxh2 Kf4
40. Rh3 e5 41. Kg2 Ra2+ 42. Kf1 f6 43. Ke1 f5 44. Kf1 Ke3 45. Rh5 Rf2+ 46. Ke1
Rxf3 47. Rh2 e4 48. Re2+ Kf4 49. Rg2 e3 50. Ke2 Ke4 51. Rg8 Rf2+ 52. Ke1 Kf3
53. Rf8 f4 54. Rf7 e2 $4 55. Rxf4+ Kxf4 56. Kxf2 1/2-1/2

[Event "Brno ÈEZ Talent"]
[Site "?"]
[Date "2014.08.26"]
[Round "4"]
[White "Glacner, Karel"]
[Black "Benes, Miroslav"]
[Result "0-1"]
[WhiteElo "1574"]
[BlackElo "1957"]
[PlyCount "126"]
[EventDate "2014.??.??"]

1. Nf3 e6 2. c4 Nf6 3. g3 d5 4. Bg2 Be7 5. Ne5 O-O 6. d3 c6 7. O-O Nbd7 8. Nxd7
Bxd7 9. b3 a5 10. a4 Be8 11. Bb2 Nd7 12. d4 f5 13. f4 Bh5 14. Ba3 Bxa3 15. Nxa3
Nf6 16. Bf3 Qe8 17. Nb1 Kh8 18. Ra2 Rg8 19. e3 Bxf3 20. Qxf3 Qf8 21. c5 g5 22.
Rg2 Qh6 23. fxg5 Rxg5 24. Qf4 Qg7 25. Qf3 Rg8 26. Qf4 Rg4 27. Qf3 Qh6 28. Nc3
R8g6 29. Kf2 Qg7 30. Ne2 Ne4+ 31. Ke1 Qe7 32. Nf4 Rg8 33. Nd3 b6 34. Ne5 R4g7
35. Nd3 bxc5 36. Nxc5 Nxc5 37. dxc5 Qxc5 38. Rd2 Qc1+ 39. Qd1 Qc3 40. Qc2 Qe5
41. Rf3 Rc7 42. Qb2 Qxb2 43. Rxb2 Rb8 44. Kd2 Rb4 45. Rf1 Rcb7 46. Rfb1 Kg7 47.
Kc3 Kf6 48. Rf2 Rxa4 49. Rf4 Re4 50. Kd3 Rbb4 51. Rf2 c5 52. Ra2 Rxb3+ 53. Rxb3
c4+ 54. Kd2 cxb3 55. Rxa5 Rb4 56. Ra1 Ke5 57. Kc3 b2 58. Rb1 Rb7 59. Kd3 h5 60.
Kc2 Ke4 61. h3 Kxe3 62. Re1+ Kf2 63. Rb1 Kxg3 0-1

[Event "Brno ÈEZ Talent"]
[Site "?"]
[Date "2014.08.27"]
[Round "5"]
[White "Polak, Tomas"]
[Black "Roubalik, Jakub"]
[Result "1/2-1/2"]
[WhiteElo "2511"]
[BlackElo "2347"]
[PlyCount "151"]
[EventDate "2014.??.??"]

1. d4 Nf6 2. c4 e6 3. Nf3 b6 4. Nc3 Bb4 5. Bg5 Bb7 6. e3 Bxc3+ 7. bxc3 d6 8.
Nd2 Nbd7 9. f3 h6 10. Bh4 Qe7 11. Bd3 O-O 12. O-O e5 13. Qc2 Rfe8 14. Bf5 Qf8
15. Qa4 c6 16. Ne4 g5 17. Bg3 Nxe4 18. Bxe4 Nb8 19. Qc2 Nd7 20. Qa4 Nf6 21.
Bxc6 Bxc6 22. Qxc6 Rac8 23. Qa4 Qe7 24. e4 Qd7 25. Qxd7 Nxd7 26. Rfd1 Rxc4 27.
dxe5 Nxe5 28. Rxd6 Ng6 29. Rd7 Rxc3 30. Rxa7 Rec8 31. h3 Rc1+ 32. Rxc1 Rxc1+
33. Kh2 b5 34. Rb7 Rc2 35. Rxb5 Rxa2 36. Be5 Nxe5 37. Rxe5 {Diagram #} Kg7 38.
h4 Kg6 39. Rf5 Rb2 40. Kh3 Re2 41. g3 Re1 42. Ra5 Rh1+ 43. Kg2 Re1 44. Ra6+ Kg7
45. Kh3 Rh1+ 46. Kg2 Re1 47. h5 Re3 48. Ra4 Kf6 49. Ra5 Kg7 50. Rf5 Re1 51. Kh3
Re2 52. Kg4 Re1 53. Ra5 Kf6 54. Ra4 Re2 55. Ra6+ Kg7 56. Ra5 Kf6 57. Rf5+ Kg7
58. e5 Re1 59. f4 gxf4 60. gxf4 Rg1+ 61. Kf3 Re1 62. Rf6 Rh1 63. Ra6 Rxh5 64.
Ra1 Rh2 65. Rg1+ Kf8 66. f5 Ke7 67. Ra1 Rd2 68. Ra7+ Ke8 69. Ra8+ Ke7 70. Rh8
Rd1 71. f6+ Ke6 72. Re8+ Kf5 73. Re7 Kg6 74. e6 Kxf6 75. Rxf7+ Kxe6 76. Rh7
1/2-1/2